Clubes de futebol do Paraná séries A, B e C 2024 - Statistics

Estatísticas Gerais
  • Esse quiz foi jogado 95 vezes
  • A pontuação média é 17 de 36
Estatísticas das Respostas
Hint série no Brasileirão Resposta % Correto
A B Coritiba
97%
A A Athletico
96%
A B Operário
92%
B n/d Paraná
92%
A D Maringá
90%
A C Londrina
89%
A D Cascavel
88%
A D Cianorte
68%
C n/d Toledo
66%
A n/d Azuriz
62%
B n/d Foz
62%
B n/d Rio Branco
59%
B n/d Paranavaí
56%
A n/d Galo
55%
B n/d Grêmio
48%
A n/d Andraus
47%
A n/d Pstc
41%
C n/d Arapongas
36%
C n/d Batel
36%
B n/d Apucarana
34%
C n/d Iraty
34%
B n/d Nacional
34%
C n/d União
32%
C n/d Araucária
30%
B n/d Laranja
30%
B n/d Patriotas
30%
B n/d Iguaçu
27%
C n/d Portuguesa
26%
C n/d Prudentópolis
26%
C n/d Rolândia
26%
C n/d Cambé
25%
C n/d Hope
21%
C n/d Verê
16%
A n/d Independente
10%
C n/d Oeste
7%
C n/d Sport
7%
Nenhum quiz correspondente encontrado
Distribuição das Pontuações
Porcentagem de Pessoas com Cada Pontuação
Percentil de Números Respondidos
Sua Pontuação Histórica
Você não jogou esse quiz